| 000 | 00745nas a2200253 4500 | ||
|---|---|---|---|
| 001 | BR9704862 | ||
| 003 | BR-BrBNA | ||
| 005 | 20231205100554.0 | ||
| 007 | ta | ||
| 008 | 230509b bl.|||p| |||| 00| 00por d | ||
| 040 |
_aBR-BrBNA _bpor _cBiblioteca Nacional de Agricultura |
||
| 041 | _a(Pt) | ||
| 072 | _aL40 | ||
| 100 | 1 | _aMachado, M.R.F. | |
| 100 | 1 | _aMiglino, M.A. | |
| 100 | 1 | _aAraujo, N. | |
| 245 | 1 | _aA arteria mesenterica caudal em bubalinos SRD (Bubalus bubalis, L. 1758) | |
| 650 | _aBufalo | ||
| 650 | _aArteria Mesenterica | ||
| 650 | _aMorfologia Animal | ||
| 773 | 0 |
_tARS Veterinaria (Brazil) _xISSN 0102-6380 _g(Apr 1997), v. 13(1) p. 1-5 _wBR9704862 |
|
| 909 |
_a202311 _bLúcia _c55 _dLúcia Elande |
||
| 942 |
_2AGRIS _n0 _cANA |
||
| 999 |
_c156762 _d156762 |
||